[Event "Stuttgarter Stadtmeisterschaft 2010 A"]
[Site "Ditzingen"]
[Date "2010.05.13"]
[Round "1.30"]
[White "Schulte, Torsten"]
[Black "Schnepel, Thomas"]
[Result "1-0"]
[WhiteElo "2164"]
[BlackElo "1957"]
[PlyCount "73"]
[EventDate "2010.??.??"]

1. e4 c5 2. c3 d5 3. exd5 Qxd5 4. d4 Nc6 5. Nf3 e5 6. dxe5 Qxd1+ 7. Kxd1 Bg4 8.
Bf4 Nge7 9. Be2 O-O-O+ 10. Nbd2 Ng6 11. Bg3 Bxf3 12. Bxf3 Ngxe5 13. Be2 g6 14.
Kc2 Bh6 15. Rad1 f5 16. f3 Rhe8 17. Nc4 Nf7 18. Rxd8+ Kxd8 19. Rd1+ Nd4+ 20.
cxd4 Rxe2+ 21. Kd3 Rxg2 22. dxc5 Kc8 23. Bd6 Nxd6 24. cxd6 Rxh2 25. a4 Kd7 26.
Kd4 Bg7+ 27. Kd5 Bxb2 28. Rb1 Bf6 29. Rxb7+ Kc8 30. Rxa7 Kb8 31. Rf7 Bg5 32. a5
Bf4 33. Kc6 Rc2 34. Kb5 h5 35. a6 Rh2 36. Rf8+ Ka7 37. d7 1-0

[Event "Stuttgarter Stadtmeisterschaft 2010 A"]
[Site "Ditzingen"]
[Date "2010.05.13"]
[Round "1.31"]
[White "Sommerhalder, Eric"]
[Black "Höschele, Hans-Ulrich"]
[Result "1/2-1/2"]
[WhiteElo "1954"]
[BlackElo "2163"]
[PlyCount "118"]
[EventDate "2010.??.??"]

1. e4 e5 2. d4 d6 3. Nf3 exd4 4. Qxd4 Nc6 5. Bb5 Bd7 6. Bxc6 bxc6 7. O-O c5 8.
Qc3 Be7 9. Qxg7 Bf6 10. Qg3 h5 11. Bg5 Bxg5 12. Qxg5 Qxg5 13. Nxg5 f6 14. Nf3
Rb8 15. b3 Ne7 16. Nc3 Bc6 17. Rad1 Kf7 18. Nd5 Bxd5 19. exd5 Nf5 20. Rfe1 Rhg8
21. Re4 Rge8 22. Rde1 Rxe4 23. Rxe4 Rb4 24. c4 a5 25. Rf4 Kg6 26. Nh4+ Nxh4 27.
Rxh4 a4 28. Rh3 axb3 29. axb3 Rb8 30. Re3 Kf7 31. h4 Ra8 32. Kh2 Ra2 33. f3 Rb2
34. Kh3 Rb1 35. g4 Kg6 36. Kg3 Rf1 37. Re7 hxg4 38. fxg4 Rg1+ 39. Kf3 Rf1+ 40.
Kg2 Rb1 41. Re3 Rd1 42. Kg3 Rh1 43. Rf3 Rd1 44. h5+ Kg7 45. Kf4 Re1 46. g5
fxg5+ 47. Kxg5 Re5+ 48. Rf5 Re3 49. h6+ Kg8 50. Kg6 Rg3+ 51. Rg5 Rxb3 52. Kf6+
Kh8 53. Rg7 Rf3+ 54. Ke7 Rf4 55. Kd7 Rxc4 56. Kxc7 Ra4 57. Kxd6 Ra6+ 58. Kxc5
Ra5+ 59. Kd4 Rxd5+ 1/2-1/2

[Event "Stuttgarter Stadtmeisterschaft 2010 A"]
[Site "Ditzingen"]
[Date "2010.05.13"]
[Round "1.32"]
[White "Montigel, Philipp"]
[Black "Jehle, Anja"]
[Result "1-0"]
[WhiteElo "2162"]
[BlackElo "1953"]
[PlyCount "73"]
[EventDate "2010.??.??"]

1. f4 Nf6 2. Nf3 g6 3. g3 Bg7 4. Bg2 d5 5. O-O O-O 6. d3 c5 7. Qe1 Nc6 8. e4
dxe4 9. dxe4 e5 10. Nc3 Re8 11. f5 gxf5 12. Nh4 f4 13. gxf4 exf4 14. Bxf4 Ng4
15. Nd5 Be5 16. Rd1 Qa5 17. Qxa5 Nxa5 18. Bxe5 Rxe5 19. Nc7 Rb8 20. Rd8+ Kg7
21. Ne8+ Rxe8 22. Rxe8 Nc6 23. Nf5+ Bxf5 24. Rxb8 Nxb8 25. exf5 Ne3 26. f6+ Kf8
27. Rf3 Nxg2 28. Kxg2 Nc6 29. Rh3 Nb4 30. Rxh7 Ke8 31. Kf3 Nxc2 32. Ke4 b6 33.
Kd5 Nd4 34. Kd6 Nb5+ 35. Kc6 Nd4+ 36. Kb7 Kd7 37. Kxa7 1-0

[Event "Stuttgarter Stadtmeisterschaft 2010 A"]
[Site "Ditzingen"]
[Date "2010.05.13"]
[Round "1.33"]
[White "Schömbs, Oliver"]
[Black "Reck, Moritz"]
[Result "0-1"]
[WhiteElo "1952"]
[BlackElo "2158"]
[PlyCount "158"]
[EventDate "2010.??.??"]

1. d4 g6 2. e4 Bg7 3. c4 d6 4. Nc3 Nc6 5. Be3 e5 6. Nge2 f5 7. exf5 Bxf5 8.
dxe5 Nxe5 9. Nd4 Qd7 10. Nxf5 Qxf5 11. Be2 Nf6 12. O-O O-O 13. c5 dxc5 14. Nd5
Kh8 15. Nxc7 Rac8 16. Nb5 Rfd8 17. Qa4 a6 18. Nc3 Nfg4 19. Bc1 Rd4 20. Qb3 b5
21. h3 Nf6 22. Be3 Rdd8 23. Rad1 c4 24. Rxd8+ Rxd8 25. Qa3 Qe6 26. Rd1 Rxd1+
27. Bxd1 Nd3 28. Bf3 b4 29. Qa5 bxc3 30. bxc3 h6 31. Bb7 Kh7 32. Bxa6 Ne4 33.
Qa4 Nxc3 34. Qxc4 Qxc4 35. Bxc4 Nb4 36. a3 Nc2 37. Bc5 Bd4 38. Bxd4 Nxd4 39.
Bd3 Kg7 40. Kf1 Ne6 41. g3 Kf6 42. Be2 Nd4 43. Bd3 Nf5 44. Kg2 Ke5 45. Bc2 g5
46. Bb3 Nd4 47. Bf7 Nc2 48. h4 gxh4 49. gxh4 Kf4 50. a4 Nxa4 51. Bb3 Ne1+ 52.
Kf1 Nc5 53. Bf7 Nf3 54. h5 Ne4 55. Be8 Ne5 56. Bb5 Ng4 57. Be8 Nexf2 58. Kg2
Ne4 59. Bf7 Ne5 60. Be8 Nf6 61. Ba4 Nxh5 62. Kh2 Kg4 63. Bd1+ Kh4 64. Ba4 Nf4
65. Be8 Nf3+ 66. Kh1 Kg3 67. Bh5 Nd3 68. Bxf3 Kxf3 69. Kh2 Kg4 70. Kh1 Kh3 71.
Kg1 Nf4 72. Kh1 Nh5 73. Kg1 Ng3 74. Kf2 Kh2 75. Kf3 h5 76. Kf2 h4 77. Kf3 Ne4
78. Kg4 h3 79. Kf3 Kg1 0-1

[Event "Stuttgarter Stadtmeisterschaft 2010 A"]
[Site "Ditzingen"]
[Date "2010.05.13"]
[Round "1.34"]
[White "Arounopoulos, Stephan"]
[Black "Schlachetzki, Horst"]
[Result "1-0"]
[WhiteElo "2141"]
[BlackElo "1948"]
[PlyCount "71"]
[EventDate "2010.??.??"]

1. d4 Nf6 2. Nf3 e6 3. c4 b6 4. a3 Bb7 5. Nc3 d5 6. cxd5 exd5 7. b4 Be7 8. Qb3
O-O 9. g3 c6 10. Bf4 Nbd7 11. Bg2 Nh5 12. O-O Nxf4 13. gxf4 Bd6 14. e3 Re8 15.
b5 Nf6 16. bxc6 Bxc6 17. Ne5 Bxe5 18. dxe5 Ne4 19. Nxe4 dxe4 20. Rfd1 Qc7 21.
Rac1 Qb7 22. Qc4 Rac8 23. Qd4 Qa8 24. Qb4 Qb7 25. Rd6 a5 26. Qd2 g6 27. Qd4 b5
28. Bh3 Bd7 29. Rxc8 Bxc8 30. Bxc8 Rxc8 31. Rd8+ Rxd8 32. Qxd8+ Kg7 33. Qxa5
Qd7 34. Qe1 Qd3 35. Qa1 Qd7 36. e6+ 1-0

[Event "Stuttgarter Stadtmeisterschaft 2010 A"]
[Site "Ditzingen"]
[Date "2010.05.13"]
[Round "1.35"]
[White "Ohnmacht, Rolf"]
[Black "Lipecki, Alexander"]
[Result "1/2-1/2"]
[WhiteElo "1946"]
[BlackElo "2140"]
[PlyCount "105"]
[EventDate "2010.??.??"]

1. e4 e6 2. d4 d5 3. exd5 exd5 4. Bd3 Bd6 5. Nf3 Nf6 6. O-O O-O 7. Bg5 Bg4 8.
Nbd2 Nbd7 9. Re1 c6 10. c3 Qc7 11. Qc2 Bf4 12. Bxf4 Qxf4 13. Ne5 Rfe8 14. g3
Qh6 15. f4 Nxe5 16. dxe5 Nd7 17. Be2 Nxe5 18. Nf1 Nf3+ 19. Bxf3 Bxf3 20. Nd2
Be2 21. Nb3 Bg4 22. Qf2 b6 23. Rxe8+ Rxe8 24. Re1 Rxe1+ 25. Qxe1 Qe6 26. Qxe6
Bxe6 27. a3 c5 28. Nd2 a5 29. Kf2 Bf5 30. Ke3 Bc2 31. Nf3 f6 32. Nd2 Kf7 33. h4
h5 34. Nf3 Ke6 35. Nd2 Kf5 36. Nf3 g6 37. Nd2 Bd1 38. Nf1 Bb3 39. Nd2 Bc2 40.
Kf3 a4 41. Ke3 Kg4 42. Kf2 Be4 43. Nf1 d4 44. cxd4 cxd4 45. Nd2 Bf5 46. Nf3 d3
47. Nd2 Kh3 48. Kf3 Bd7 49. Kf2 Bc6 50. Nf1 Bd5 51. Nd2 Kh2 52. Nf1+ Kh1 53.
Nd2 1/2-1/2

[Event "Stuttgarter Stadtmeisterschaft 2010 A"]
[Site "Ditzingen"]
[Date "2010.05.13"]
[Round "1.36"]
[White "Stanescu, Christian"]
[Black "Lebeda, Timo"]
[Result "1/2-1/2"]
[WhiteElo "2140"]
[BlackElo "1944"]
[PlyCount "38"]
[EventDate "2010.??.??"]

1. c4 f5 2. Nf3 Nf6 3. g3 g6 4. Bg2 Bg7 5. O-O O-O 6. Nc3 d6 7. d3 c5 8. a3 Nc6
9. Rb1 a5 10. Ne1 Qd7 11. b3 b6 12. Nc2 Bb7 13. b4 axb4 14. axb4 Ra7 15. Bd2
Raa8 16. Nb5 Ra2 17. Nc3 Ra7 18. Nb5 Ra2 19. Nc3 Ra7 1/2-1/2

[Event "Stuttgarter Stadtmeisterschaft 2010 A"]
[Site "Ditzingen"]
[Date "2010.05.13"]
[Round "1.37"]
[White "Kreiter, Thomas"]
[Black "Stiepan, Hans-Michael"]
[Result "0-1"]
[WhiteElo "1935"]
[BlackElo "2135"]
[PlyCount "70"]
[EventDate "2010.??.??"]

1. d4 e6 2. Nf3 Nf6 3. Nbd2 d5 4. e3 c5 5. c4 Nc6 6. cxd5 exd5 7. dxc5 Bxc5 8.
Nb3 Bb6 9. Be2 O-O 10. O-O Ne4 11. Nbd4 Bg4 12. Nxc6 bxc6 13. Nd4 Bxe2 14. Nxe2
Qf6 15. Ng3 Nd6 16. Rb1 Qg6 17. Bd2 f5 18. Bb4 f4 19. exf4 Rxf4 20. Bd2 Rf7 21.
Ne2 Raf8 22. Nf4 Rxf4 23. Bxf4 Rxf4 24. Rc1 Ne4 25. Rc2 Nxf2 26. Rcxf2 Rxf2 27.
Rxf2 Qf5 28. Qe1 Kf7 29. Kf1 Qxf2+ 30. Qxf2+ Bxf2 31. Kxf2 Ke6 32. Ke3 Ke5 33.
b4 d4+ 34. Kd3 Kd5 35. a4 c5 0-1

[Event "Stuttgarter Stadtmeisterschaft 2010 A"]
[Site "Ditzingen"]
[Date "2010.05.13"]
[Round "1.38"]
[White "Kerpe, Andreas"]
[Black "Grünert, Thomas"]
[Result "1-0"]
[WhiteElo "2128"]
[BlackElo "1929"]
[PlyCount "49"]
[EventDate "2010.??.??"]

1. e4 c5 2. Nc3 e6 3. g3 Nc6 4. Bg2 g6 5. d3 Bg7 6. Be3 d6 7. Qd2 Bd7 8. Nge2
Nd4 9. Nc1 b5 10. Nd1 e5 11. c3 Ne6 12. O-O Ne7 13. f4 exf4 14. gxf4 f5 15. Ne2
O-O 16. Nf2 Bc6 17. d4 fxe4 18. Nxe4 c4 19. N2g3 Nd5 20. f5 Nxe3 21. Qxe3 d5
22. fxe6 Rxf1+ 23. Rxf1 dxe4 24. Bxe4 Bd5 25. e7 1-0

[Event "Stuttgarter Stadtmeisterschaft 2010 A"]
[Site "Ditzingen"]
[Date "2010.05.13"]
[Round "1.39"]
[White "Rudhart, Michael"]
[Black "Bärner, Helmut"]
[Result "0-1"]
[WhiteElo "1926"]
[BlackElo "2126"]
[PlyCount "26"]
[EventDate "2010.??.??"]

1. Nc3 d5 2. e4 d4 3. Nce2 d3 4. cxd3 Nc6 5. Ng3 e5 6. a3 Bc5 7. Qc2 Qd4 8.
N1e2 Qxf2+ 9. Kd1 Bd4 10. h3 Nge7 11. Rb1 h5 12. h4 Bg4 13. b4 Qxg3 0-1

[Event "Stuttgarter Stadtmeisterschaft 2010 A"]
[Site "Ditzingen"]
[Date "2010.05.13"]
[Round "1.40"]
[White "Muth, Roland"]
[Black "Tominski, Norbert"]
[Result "1-0"]
[WhiteElo "2125"]
[BlackElo "1921"]
[PlyCount "45"]
[EventDate "2010.??.??"]

1. e4 c6 2. d4 d5 3. exd5 cxd5 4. Bd3 Nc6 5. c3 Nf6 6. Bf4 g6 7. Nd2 Bg7 8.
Ngf3 O-O 9. O-O Nh5 10. Be3 Qd6 11. Re1 Bd7 12. Qb3 e5 13. dxe5 Nxe5 14. Nxe5
Bxe5 15. Nf3 Bg7 16. Rad1 a5 17. Be4 Nf6 18. Bxd5 a4 19. Bxf7+ Rxf7 20. Qxf7+
Kxf7 21. Rxd6 Bc6 22. Ne5+ Ke7 23. Bc5 1-0

[Event "Stuttgarter Stadtmeisterschaft 2010 A"]
[Site "Ditzingen"]
[Date "2010.05.13"]
[Round "1.41"]
[White "Schäfer, Daniela"]
[Black "Bräuner, Uwe"]
[Result "0-1"]
[WhiteElo "1917"]
[BlackElo "2122"]
[PlyCount "126"]
[EventDate "2010.??.??"]

1. e4 c5 2. Nf3 Nc6 3. Bb5 g6 4. O-O Bg7 5. Re1 Nf6 6. c3 O-O 7. d4 cxd4 8.
cxd4 d5 9. e5 Ne4 10. Nc3 Bf5 11. Nxe4 Bxe4 12. Bxc6 bxc6 13. Be3 Rb8 14. b3
Bxf3 15. Qxf3 e6 16. Rac1 Qb6 17. Rc5 Rfc8 18. Rec1 Bf8 19. R5c2 Rb7 20. h3
Rbc7 21. Qf6 Be7 22. Qf3 a5 23. Kh2 Ra8 24. Qd1 Qb5 25. Qe2 Qb7 26. Qd1 Ra6 27.
Bh6 Qa8 28. a4 Rb6 29. Qd3 Qb7 30. Qd2 Ba3 31. Ra1 Bb4 32. Qf4 Be7 33. Rc5 Rxb3
34. Rxa5 Rb4 35. Rc1 Qc8 36. Qe3 Rb6 37. Qf4 Ra6 38. Rxa6 Qxa6 39. Bg5 Qxa4 40.
Bxe7 Rxe7 41. Qf6 Re8 42. Rc3 Qxd4 43. Rxc6 Qe4 44. Rc7 Rf8 45. f4 Qf5 46. Qxf5
gxf5 47. Rd7 Kg7 48. g4 fxg4 49. hxg4 Kg6 50. Kg3 Rc8 51. f5+ exf5 52. gxf5+
Kxf5 53. Rxf7+ Kxe5 54. Rxh7 Rf8 55. Re7+ Kd4 56. Re1 Kc3 57. Rc1+ Kd2 58. Rc5
d4 59. Rc4 d3 60. Rc7 Kd1 61. Rc6 d2 62. Rc7 Rf5 63. Kg4 Rf1 0-1

[Event "Stuttgarter Stadtmeisterschaft 2010 A"]
[Site "Ditzingen"]
[Date "2010.05.13"]
[Round "1.42"]
[White "Melzner, Lukas"]
[Black "Kvetny, Mark"]
[Result "1-0"]
[WhiteElo "2122"]
[BlackElo "1916"]
[PlyCount "41"]
[EventDate "2010.??.??"]

1. c4 e6 2. Nf3 b6 3. g3 Nf6 4. Bg2 Bb7 5. O-O c5 6. b3 Be7 7. Bb2 O-O 8. d3 d6
9. Nc3 a6 10. e4 Nc6 11. Re1 Qc7 12. a3 Rad8 13. Qc2 Nd7 14. Rad1 Nde5 15. Ne2
f5 16. Nf4 Qc8 17. exf5 Nb4 18. Qe2 Bxf3 19. Bxf3 Nxf3+ 20. Qxf3 e5 21. axb4
1-0

[Event "Stuttgarter Stadtmeisterschaft 2010 A"]
[Site "Ditzingen"]
[Date "2010.05.13"]
[Round "1.43"]
[White "Paschmann, Stefan"]
[Black "Pogan, Nikolas"]
[Result "0-1"]
[WhiteElo "1913"]
[BlackElo "2119"]
[PlyCount "68"]
[EventDate "2010.??.??"]

1. d4 d5 2. Nf3 Nf6 3. Bf4 c6 4. c3 Bf5 5. Nbd2 Nbd7 6. e3 g6 7. Ne5 Bg7 8. Be2
Ne4 9. Ndf3 f6 10. Nxd7 Qxd7 11. h4 Bg4 12. Nd2 Bxe2 13. Qxe2 Nxd2 14. Qxd2 e5
15. dxe5 fxe5 16. Bg3 h5 17. O-O-O Qg4 18. Qc2 O-O-O 19. Rhe1 Rd7 20. e4 Rhd8
21. Qe2 Qe6 22. exd5 Rxd5 23. c4 Bh6+ 24. Kc2 Rd2+ 25. Rxd2 Rxd2+ 26. Qxd2 Bxd2
27. Kxd2 Qxc4 28. Rxe5 Qxa2 29. Kc3 Kd7 30. Re3 b5 31. Be5 Qc4+ 32. Kd2 Qxh4
33. g3 Qg5 34. Bc3 c5 0-1

[Event "Stuttgarter Stadtmeisterschaft 2010 A"]
[Site "Ditzingen"]
[Date "2010.05.13"]
[Round "1.44"]
[White "Wagner, Dennis"]
[Black "Hoffmann, Jonas"]
[Result "0-1"]
[WhiteElo "2112"]
[BlackElo "1910"]
[PlyCount "55"]
[EventDate "2010.??.??"]

1. e4 d5 2. exd5 Qxd5 3. Nc3 Qa5 4. d4 c6 5. Nf3 Nf6 6. Bc4 Bf5 7. Bd2 e6 8.
Nd5 Qd8 9. Nxf6+ Qxf6 10. Qe2 Qd8 11. O-O-O Nd7 12. d5 cxd5 13. Bxd5 Qc7 14.
Nd4 Qc5 15. Bxb7 Rb8 16. Bc6 Qxd4 17. Bc3 Qf4+ 18. Kb1 Ba3 19. Bxd7+ Kf8 20.
Be5 Qb4 21. Bd6+ Qxd6 22. Rxd6 Rxb2+ 23. Ka1 Ke7 24. Rd3 Rhb8 25. Rxa3 Bxc2 26.
Rb3 Rxa2+ 27. Kxa2 Bxb3+ 28. Ka1 0-1

[Event "Stuttgarter Stadtmeisterschaft 2010 A"]
[Site "Ditzingen"]
[Date "2010.05.13"]
[Round "1.45"]
[White "Töws, Manuel"]
[Black "Aerni, Andreas"]
[Result "0-1"]
[WhiteElo "1910"]
[BlackElo "2111"]
[PlyCount "94"]
[EventDate "2010.??.??"]

1. e4 d5 2. exd5 Qxd5 3. Nc3 Qa5 4. d4 Nf6 5. Nf3 c6 6. Bc4 Bf5 7. Bd2 e6 8.
Nd5 Qd8 9. Nxf6+ Qxf6 10. O-O Nd7 11. Bg5 Qg6 12. Qd2 h6 13. Bh4 Be4 14. Qe3
Nb6 15. Bd3 Bxd3 16. cxd3 Bd6 17. Bg3 Bxg3 18. hxg3 O-O-O 19. Qe4 Qf6 20. b4
Nd5 21. b5 Nc3 22. Qe5 Nxb5 23. Qc5 Rd5 24. Qb4 Nxd4 25. Rab1 Nxf3+ 26. gxf3
Rb5 27. Qa4 Kb8 28. Rxb5 cxb5 29. Qxb5 a6 30. Qb6 Qxf3 31. Rb1 Rc8 32. Qd6+ Ka8
33. Qd7 Rb8 34. Rc1 h5 35. Rc8 Rxc8 36. Qxc8+ Ka7 37. Qc5+ b6 38. Qc7+ Qb7 39.
Qd6 a5 40. a4 g6 41. Kh2 h4 42. Kg1 h3 43. f3 Qxf3 44. Qc7+ Qb7 45. Qc2 Qg2+
46. Qxg2 hxg2 47. Kxg2 b5 0-1

[Event "Stuttgarter Stadtmeisterschaft 2010 A"]
[Site "Ditzingen"]
[Date "2010.05.13"]
[Round "1.46"]
[White "Ydo, Pim"]
[Black "Günthner, Arthur"]
[Result "1-0"]
[WhiteElo "2111"]
[BlackElo "1897"]
[PlyCount "45"]
[EventDate "2010.??.??"]

1. d4 Nf6 2. c4 g6 3. Nc3 Bg7 4. e4 d6 5. Nf3 O-O 6. Be3 Nbd7 7. h3 e5 8. dxe5
dxe5 9. Qd2 c6 10. Rd1 Qa5 11. Be2 b5 12. cxb5 cxb5 13. Nxb5 Qxa2 14. O-O a6
15. Ra1 Qb3 16. Ra3 Nxe4 17. Qa5 Qxb2 18. Ra2 Qb3 19. Rc1 Bb7 20. Nc7 Rac8 21.
Bc4 Qxa2 22. Bxa2 Nd6 23. Qd2 1-0

[Event "Stuttgarter Stadtmeisterschaft 2010 A"]
[Site "Ditzingen"]
[Date "2010.05.13"]
[Round "1.47"]
[White "Viehoff, Jürgen"]
[Black "König, Dirk"]
[Result "0-1"]
[WhiteElo "1886"]
[BlackElo "2106"]
[PlyCount "72"]
[EventDate "2010.??.??"]

1. d4 d6 2. Nf3 g6 3. e4 Nf6 4. Nc3 Bg7 5. Bc4 Nxe4 6. Bxf7+ Kxf7 7. Nxe4 h6 8.
O-O Nc6 9. c3 b6 10. Qe2 e6 11. Bf4 Ne7 12. Rfe1 Nd5 13. Bg3 Re8 14. Bh4 Qd7
15. Qc2 a5 16. c4 Ne7 17. Neg5+ hxg5 18. Nxg5+ Kg8 19. Nxe6 Nf5 20. Nxg7 Kxg7
21. Bg5 Nxd4 22. Qc3 c5 23. Re3 Re5 24. Rae1 Qf5 25. f4 Rxe3 26. Rxe3 Ra7 27.
a3 Rf7 28. b4 axb4 29. axb4 Qb1+ 30. Qe1 Qxe1+ 31. Rxe1 cxb4 32. Rd1 b3 33. Kf2
Bf5 34. Rd2 Ra7 35. g4 Ra2 36. Ke3 Rxd2 0-1

[Event "Stuttgarter Stadtmeisterschaft 2010 A"]
[Site "Ditzingen"]
[Date "2010.05.13"]
[Round "1.48"]
[White "Aksenov, Pavel"]
[Black "Bergner, Philipp"]
[Result "1/2-1/2"]
[WhiteElo "2105"]
[BlackElo "1884"]
[PlyCount "112"]
[EventDate "2010.??.??"]

1. d4 Nf6 2. c4 g6 3. Nc3 Bg7 4. e4 d6 5. f4 O-O 6. Nf3 c5 7. d5 e6 8. Be2 exd5
9. exd5 Bf5 10. O-O Re8 11. Bd3 Qd7 12. Qc2 Na6 13. a3 Nc7 14. Bd2 a6 15. Bxf5
gxf5 16. Rae1 Rxe1 17. Rxe1 Re8 18. Rxe8+ Nfxe8 19. Ne2 Bf6 20. Ng3 Ng7 21. Bc3
Bxc3 22. Qxc3 b5 23. b3 bxc4 24. bxc4 h5 25. Nh4 Nce8 26. h3 Qe7 27. Ngxf5 Nxf5
28. Nxf5 Qe4 29. Qg3+ Kf8 30. Qg5 f6 31. Qh6+ Kg8 32. Qxh5 Ng7 33. Nxg7 Kxg7
34. Qg4+ Kh6 35. Qe6 Qxf4 36. Qg8 Kh5 37. Qh7+ Kg5 38. Qd3 f5 39. Kh1 Kf6 40.
Qe2 Kg5 41. a4 a5 42. Qf3 Qc1+ 43. Kh2 Qxc4 44. Qg3+ Kh5 45. Qxd6 Qxa4 46. Qxc5
Qb4 47. Qxb4 axb4 48. d6 b3 49. d7 b2 50. d8=Q b1=Q 51. Qh8+ Kg6 52. Qe5 Qd3
53. Qg3+ Qxg3+ 54. Kxg3 Kg5 55. h4+ Kh5 56. Kf4 Kxh4 1/2-1/2

[Event "Stuttgarter Stadtmeisterschaft 2010 A"]
[Site "Ditzingen"]
[Date "2010.05.13"]
[Round "1.49"]
[White "Lerner, Jürgen"]
[Black "Osmanovic, Faruk"]
[Result "1/2-1/2"]
[WhiteElo "1884"]
[BlackElo "2104"]
[PlyCount "75"]
[EventDate "2010.??.??"]

1. d4 Nf6 2. c4 e6 3. Nf3 b6 4. g3 Bb7 5. Bg2 Be7 6. O-O O-O 7. Nc3 Ne4 8. Qc2
Nxc3 9. Qxc3 d6 10. b3 Nd7 11. Bb2 Nf6 12. Rfd1 Be4 13. Nd2 Bxg2 14. Kxg2 d5
15. Re1 c5 16. dxc5 Bxc5 17. cxd5 Qxd5+ 18. e4 Qh5 19. Qf3 Qxf3+ 20. Nxf3 Rfd8
21. e5 Ng4 22. Re2 Rd7 23. Bc1 Rd1 24. h3 Nh6 25. Rd2 Rd8 26. Rxd8+ Rxd8 27.
Bxh6 gxh6 28. Kf1 Kg7 29. Ke2 f6 30. exf6+ Kxf6 31. Ne1 e5 32. Nd3 Ba3 33. f3
a5 34. Rd1 Rg8 35. Nf2 Ke6 36. Ne4 Rc8 37. Rd3 Bb4 38. Kd1 1/2-1/2

[Event "Stuttgarter Stadtmeisterschaft 2010 A"]
[Site "Ditzingen"]
[Date "2010.05.13"]
[Round "1.50"]
[White "Sarchisov, Slavik"]
[Black "Baumeister, Wolfgang"]
[Result "1-0"]
[WhiteElo "2102"]
[BlackElo "1881"]
[PlyCount "45"]
[EventDate "2010.??.??"]

1. e4 e5 2. Nf3 Nc6 3. Bc4 Bc5 4. c3 Qe7 5. O-O d6 6. d3 Bg4 7. Nbd2 Nf6 8. Re1
O-O 9. Nf1 h6 10. Ng3 a6 11. Bb3 Nd8 12. h3 Be6 13. Bc2 Ba7 14. d4 Bd7 15. Nh4
Kh7 16. Nhf5 Qe8 17. Qf3 Ng8 18. dxe5 dxe5 19. b3 g6 20. Ne3 f6 21. Ba3 Rf7 22.
Nd5 c6 23. Nc7 1-0

[Event "Stuttgarter Stadtmeisterschaft 2010 A"]
[Site "Ditzingen"]
[Date "2010.05.13"]
[Round "1.51"]
[White "Huynh, Nhi Lang"]
[Black "Bluma, Marcel"]
[Result "1/2-1/2"]
[WhiteElo "1869"]
[BlackElo "2095"]
[PlyCount "51"]
[EventDate "2010.??.??"]

1. d4 Nf6 2. Nf3 e6 3. c4 d5 4. Nc3 Be7 5. g3 O-O 6. cxd5 exd5 7. Bg2 c6 8. O-O
Bf5 9. Nh4 Bg4 10. Qc2 Qc8 11. Re1 Bh3 12. Bf3 c5 13. dxc5 Bxc5 14. Bg5 Ng4 15.
Bxg4 Bxg4 16. Rac1 h6 17. Bd2 Qd8 18. Nb5 Bd6 19. Nf5 Bxf5 20. Qxf5 a6 21. Nxd6
Qxd6 22. Bf4 Qe6 23. Qd3 Nc6 24. Rc5 Rad8 25. a3 Rd7 26. Rec1 1/2-1/2

[Event "Stuttgarter Stadtmeisterschaft 2010 A"]
[Site "Ditzingen"]
[Date "2010.05.13"]
[Round "1.52"]
[White "Donchenko, Alexander"]
[Black "Novak, Josua"]
[Result "1-0"]
[WhiteElo "2094"]
[BlackElo "1865"]
[PlyCount "109"]
[EventDate "2010.??.??"]

1. Nf3 Nf6 2. d4 c5 3. c4 cxd4 4. Nxd4 e5 5. Nb5 d5 6. cxd5 Bc5 7. N5c3 O-O 8.
e3 e4 9. Nd2 Qe7 10. a3 a6 11. b4 Ba7 12. Bb2 Nbd7 13. Be2 Nb6 14. d6 Qe6 15.
Qc2 Re8 16. Rd1 Bd7 17. Nb3 Nc4 18. Nd4 Bxd4 19. Bxc4 Qxc4 20. Rxd4 Qe6 21. O-O
Rac8 22. Qd1 Red8 23. Ne2 Bb5 24. Nf4 Qe8 25. Re1 Ba4 26. Qe2 Rc6 27. Nh5 Nxh5
28. Qxh5 Rcxd6 29. Qg5 f6 30. Qg3 Rxd4 31. Bxd4 Kh8 32. Rc1 Rc8 33. Rc7 Qd7 34.
Rxc8+ Qxc8 35. h4 Be8 36. Qd6 Bg6 37. Kh2 Kg8 38. Qd5+ Kh8 39. h5 Be8 40. h6
Qd7 41. Qxe4 Bg6 42. Qf4 Qd8 43. g4 Kg8 44. hxg7 Kxg7 45. g5 Kf7 46. Bxf6 Qd7
47. Qc4+ Kf8 48. Qc5+ Kf7 49. Qe5 Bd3 50. Qf4 Kg6 51. Qb8 Bf1 52. Qg3 Kh5 53.
g6 Qg4 54. Qxg4+ Kxg4 55. gxh7 1-0

[Event "Stuttgarter Stadtmeisterschaft 2010 A"]
[Site "Ditzingen"]
[Date "2010.05.13"]
[Round "1.53"]
[White "Maisch, Julian"]
[Black "Imhof, Thomas"]
[Result "1/2-1/2"]
[WhiteElo "1862"]
[BlackElo "2094"]
[PlyCount "51"]
[EventDate "2010.??.??"]

1. e4 c5 2. Nf3 d6 3. d4 cxd4 4. Nxd4 Nf6 5. Nc3 e6 6. Be2 Be7 7. Be3 O-O 8.
O-O a6 9. f3 Qc7 10. Nb3 b5 11. a3 Bb7 12. Qe1 Nbd7 13. Rd1 Nc5 14. Qg3 Rfc8
15. Nxc5 dxc5 16. Qxc7 Rxc7 17. Bf4 Rcc8 18. Bg5 Rd8 19. Rxd8+ Rxd8 20. Rd1 c4
21. a4 Bc5+ 22. Kf1 Rxd1+ 23. Nxd1 bxa4 24. Bxc4 a3 25. bxa3 Bxa3 26. Bd2
1/2-1/2

[Event "Stuttgarter Stadtmeisterschaft 2010 A"]
[Site "Ditzingen"]
[Date "2010.05.13"]
[Round "1.54"]
[White "Reichert, Matthias"]
[Black "Pietzka, Martin"]
[Result "1/2-1/2"]
[WhiteElo "2092"]
[BlackElo "1860"]
[PlyCount "63"]
[EventDate "2010.??.??"]

1. e4 c6 2. d4 d5 3. exd5 cxd5 4. c4 e6 5. Nc3 Nf6 6. Nf3 a6 7. cxd5 exd5 8.
Bd3 Be7 9. O-O O-O 10. Ne5 Nc6 11. Nxc6 bxc6 12. Na4 h6 13. Bf4 Bd6 14. Bxd6
Qxd6 15. h3 Ne4 16. Rc1 f5 17. Qc2 Rf6 18. Nc5 a5 19. Rfe1 Kf7 20. Qe2 Bd7 21.
Qh5+ Kg8 22. Nxd7 Qxd7 23. Re3 Raf8 24. Bxe4 fxe4 25. Rf1 Rf5 26. Qd1 Rf4 27.
Qc2 Qf7 28. Rc3 Qf6 29. Qd2 Qg6 30. Qc2 Qf6 31. Qd1 Qg6 32. Qc2 1/2-1/2

[Event "Stuttgarter Stadtmeisterschaft 2010 A"]
[Site "Ditzingen"]
[Date "2010.05.13"]
[Round "1.56"]
[White "Scherer, Holger"]
[Black "Mayer, Dietmar"]
[Result "1-0"]
[WhiteElo "2082"]
[BlackElo "1851"]
[PlyCount "72"]
[EventDate "2010.??.??"]

1. e4 d5 2. exd5 Nf6 3. Nf3 Nxd5 4. Bc4 Nb6 5. Bb3 c5 6. Ne5 e6 7. d3 Bd6 8.
Qe2 Qc7 9. Nf3 O-O 10. Nc3 a6 11. Ne4 Be7 12. h4 Nc6 13. h5 Nd4 14. Nxd4 cxd4
15. h6 g6 16. Qf3 a5 17. a4 Qd8 18. Bf4 Nd5 19. Be5 Bb4+ 20. Kf1 f5 21. Ng3 Nf6
22. Ne2 Bc5 23. Qf4 Nd5 24. Bxd5 Qxd5 25. Bxd4 Bd6 26. Qg5 e5 27. Bc3 Bd7 28.
f3 Rae8 29. Qd2 b6 30. b3 Bc6 31. Rd1 Qe6 32. d4 Bb7 33. d5 Qe7 34. Bb2 e4 35.
f4 g5 36. Qd4 Be5 1-0

[Event "Stuttgarter Stadtmeisterschaft 2010 A"]
[Site "Ditzingen"]
[Date "2010.05.13"]
[Round "1.57"]
[White "Ruff, Robert"]
[Black "Lumsdon, Andrew"]
[Result "1/2-1/2"]
[WhiteElo "1848"]
[BlackElo "2081"]
[PlyCount "80"]
[EventDate "2010.??.??"]

1. d4 Nf6 2. c4 c5 3. d5 b5 4. Nd2 d6 5. e4 Qa5 6. Qc2 g6 7. Ngf3 Bg7 8. Be2
bxc4 9. O-O O-O 10. Nxc4 Qc7 11. Bf4 Ba6 12. Rab1 Nbd7 13. Rfd1 Rab8 14. b3
Bxc4 15. Bxc4 Ng4 16. Qd2 Nde5 17. Be2 Rb4 18. Nxe5 Nxe5 19. f3 f5 20. Rbc1 Qd7
21. Bxe5 Bxe5 22. Bc4 fxe4 23. fxe4 Bf4 24. Qe2 Bxc1 25. Rxc1 Rf4 26. e5 Qg4
27. Qc2 Qf5 28. e6 Kg7 29. Qb2+ Qf6 30. Qa3 Qd4+ 31. Kh1 Qd2 32. Rg1 Rb7 33.
Qa6 Qb4 34. Be2 Rf2 35. Bf3 Qb5 36. Qa3 c4 37. Qc1 cxb3 38. Qc3+ Kg8 39. Qc8+
Kg7 40. Qc3+ Kg8 1/2-1/2

[Event "Stuttgarter Stadtmeisterschaft 2010 A"]
[Site "Ditzingen"]
[Date "2010.05.13"]
[Round "1.58"]
[White "Geshnizjani, Ramin Tobias"]
[Black "Baumeister, Jürgen"]
[Result "1/2-1/2"]
[WhiteElo "2077"]
[BlackElo "1847"]
[PlyCount "93"]
[EventDate "2010.??.??"]

1. e4 c5 2. Nf3 e6 3. d4 cxd4 4. Nxd4 Bc5 5. Nb3 Bb6 6. Nc3 Ne7 7. Bf4 d5 8.
exd5 exd5 9. Bd3 O-O 10. O-O Nbc6 11. Qd2 a5 12. a4 Nb4 13. Be3 Nxd3 14. Bxb6
Qxb6 15. Qxd3 Bf5 16. Nxd5 Bxd3 17. Nxb6 Ra6 18. Nd7 Bxf1 19. Nxf8 Bxg2 20.
Kxg2 Kxf8 21. Nc5 Rg6+ 22. Kf3 b6 23. Rd1 Rf6+ 24. Ke2 Ke8 25. Nb7 Re6+ 26. Kf1
Nc6 27. Rd6 Ke7 28. Rxe6+ Kxe6 29. c4 Ne5 30. c5 bxc5 31. Nxa5 Kd5 32. b3 c4
33. bxc4+ Nxc4 34. Nb7 f6 35. a5 Kc6 36. a6 Kb6 37. Nd8 Kxa6 38. f4 Kb6 39. Ne6
Ne3+ 40. Ke2 Nf5 41. Kf3 h5 42. Ke4 g6 43. Nf8 Kc6 44. Nxg6 Nd6+ 45. Kd4 Nf5+
46. Ke4 Nd6+ 47. Kd4 1/2-1/2